000 00508pab a2200157 454500
008 180718b2004 xxu||||| |||| 00| 0 eng d
100 _aAhmad, Ateeque
245 _aEvaluation of health facilities for social well-being in Meerut district: a strategy for micro-level planning
260 _c2004
300 _ap.16-24.
650 _aHealth services - India - Uttar Pradesh
650 _aHealth services
700 _aShamim, Sayed Kausar
773 _aIndian Journal of Regional Science
909 _a63486
999 _c63486
_d63486